Las enfermedades mentales: Clasificación y breves nociones / Javier O. Cafello (Registro nro. 113)

Detalles MARC
000 -LEADER
fixed length control field 00531nam a22001931a 4500
001 - CONTROL NUMBER
control field 113
003 - CONTROL NUMBER IDENTIFIER
control field OSt
005 - DATE AND TIME OF LATEST TRANSACTION
control field 20260204211642.0
008 - FIXED-LENGTH DATA ELEMENTS--GENERAL INFORMATION
fixed length control field 031123s1997||||Ar ||||||b||||||||||x ||
020 ## - NUMERO DE LIBRO INTERNACIONAL NORMALIZADO
International Standard Book Number 9505772165
082 ## - DEWEY DECIMAL CLASSIFICATION NUMBER
Classification number 916.89 C111e
100 ## - ASIENTO PRINCIPAL -- NOMBRE PERSONAL
Personal name Cafello, Javier O.
245 ## - TÍTULO PROPIAMENTE DICHO: SUBTÍTULO
Title Las enfermedades mentales: Clasificación y breves nociones / Javier O. Cafello
264 ## - PRODUCTION, PUBLICATION, DISTRIBUTION, MANUFACTURE, AND COPYRIGHT NOTICE
Place of production, publication, distribution, manufacture Argentina: De Belgrano
300 ## - PHYSICAL DESCRIPTION
Extensión 95 p
500 ## - GENERAL NOTE
General note Incluye bibliografía
650 ## - ASIENTO SECUNDARIO DE MATERIA -- TERMINO TEMÁTICO
Termino Temático Como Elemento de Entrada 1.Psiquiatría 2.Enfermedades MentalesÌ
942 ## - ADDED ENTRY ELEMENTS (KOHA)
Source of classification or shelving scheme Dewey Decimal Classification
Koha item type Libros
Existencias
Withdrawn status Lost status Source of classification or shelving scheme Damaged status Not for loan Current library Date acquired Full call number Barcode Date last seen Price effective from Koha item type
    Dewey Decimal Classification Dañado   Biblioteca UTECO 09/09/2019 916.89 C111E 005615 09/09/2019 09/09/2019 Libros
© 2021 Derechos Reservados UTECO - Teléfono: +1 809-585-2291 - Correo electrónico: biblioteca@uteco.edu.do​  
Código postal 43000 ​​
Dirección: Avenida Universitaria No. 100, 
Cotuí, Provincia Sánchez Ramírez, República Dominicana - RNC: 404-00059-6